LEADER 01627oam 2200457zu 450 001 996201767103316 005 20210807002627.0 010 $a1-5090-8720-6 035 $a(CKB)1000000000331398 035 $a(SSID)ssj0000393708 035 $a(PQKBManifestationID)12121199 035 $a(PQKBTitleCode)TC0000393708 035 $a(PQKBWorkID)10372630 035 $a(PQKB)10855648 035 $a(EXLCZ)991000000000331398 100 $a20160829d2007 uy 101 0 $aeng 181 $ctxt 182 $cc 183 $acr 200 10$a2007 IEEE Symposium on Approximate Dynamic Programming and Reinforcement Learning : Honolulu, HI, 1-5 April 2007 210 31$a[Place of publication not identified]$cIEEE$d2007 300 $aBibliographic Level Mode of Issuance: Monograph 311 $a1-4244-0706-0 606 $aDynamic programming$vCongresses 606 $aMachine learning$vCongresses 606 $aOperations Research$2HILCC 606 $aCivil & Environmental Engineering$2HILCC 606 $aEngineering & Applied Sciences$2HILCC 615 0$aDynamic programming 615 0$aMachine learning 615 7$aOperations Research 615 7$aCivil & Environmental Engineering 615 7$aEngineering & Applied Sciences 676 $a519.7/03 712 12$aIEEE International Symposium on Approximate Dynamic Programming and Reinforcement Learning 801 0$bPQKB 906 $aPROCEEDING 912 $a996201767103316 996 $a2007 IEEE Symposium on Approximate Dynamic Programming and Reinforcement Learning : Honolulu, HI, 1-5 April 2007$92539520 997 $aUNISA LEADER 03608nam 2200409 450 001 9910476807403321 005 20230515191917.0 035 $a(CKB)5470000000566472 035 $a(NjHacI)995470000000566472 035 $a(EXLCZ)995470000000566472 100 $a20230515d2006 uy 0 101 0 $aeng 135 $aur||||||||||| 181 $ctxt$2rdacontent 182 $cc$2rdamedia 183 $acr$2rdacarrier 200 00$aManaging development $eglobalization, economic restructuring, and social policy /$fedited by Junji Nakagawa 210 1$aLondon ;$aNew York, New York :$cTaylor & Francis,$d[2006] 210 4$dİ2006 215 $a1 online resource (xviii, 361 pages) $cillustrations 311 $a1-134-22553-9 320 $aIncludes bibliographical references and index. 327 $aManaging development / Junji Nakagawa -- Managing global risks and creating prosperity / Haider A. Khan -- Globalization and economic development / Masahiro Kawai -- Is the international trade regime contributing to liberalization in developing countries? / Kazuyori Ito -- The governance of global issues through regionalism / Isidro Morales -- Financial sector development in Latin America and East Asia / Barbara Stallings -- Restructuring the financial and corporate sector / Choong Yong Ahn -- Economic performance, crisis, and institutional reforms in East Asia and Latin America / Akira Suehiro -- Business groups as an organizational device for economic catch-up / Keun Lee -- Will inward internationalization foster economic development in Latin America? / Joa?o Carlos Ferraz, Airton Valente, Jr., and Mariana Iootty -- Determinants and effects of foreign direct investment in transition economies / Yuko Kinoshita and Nauro F. Campos -- Latin America social security reform in the 1990s / Koichi Usami -- Welfare states in East Asia / Yasuhiro Kamimura -- Characteristics of the Central European welfare system / Takumi Horibayashi. 330 $aGlobalization in the 1990s provided both opportunities and challenges for developing and transition economies. Though for some, it offered the chance to achieve economic growth through active involvement in the integrated and liberalized world economy, it also increased their vulnerability to external shocks and volatility. As a consequence, stakeholders at every level of the development and transition process - international organizations, national governments and the private sector - had to review their strategies in order to adjust to the new world economic environment. As the Mexican peso crisis of 1994-1995 and the Asian financial crisis of 1997-1998 showed dramatically, the cost of maladjustment was not only very high but it also affected many more stakeholders than before, due to the contagious effects of crises. This revealing book analyzes the different methods employed to manage globalization and development. Bringing together an international team of contributors, including Barbara Stallings, Alicia Giron and J. C. Ferraz, it will prove to be a valuable resource for those involved in the fields of development economics and political economy. 606 $aGlobalization$xEconomic aspects 606 $aFinancial crises$zDeveloping countries 607 $aDeveloping countries$xSocial policy 615 0$aGlobalization$xEconomic aspects. 615 0$aFinancial crises 676 $a337.09172409051 702 $aNakagawa$b Junji$f1955- 801 0$bNjHacI 801 1$bNjHacl 906 $aBOOK 912 $a9910476807403321 996 $aManaging Development$9461358 997 $aUNINA LEADER 01680nam0 22003853i 450 001 VAN00238353 005 20241204103904.43 017 70$2N$a9783030363710 100 $a20220126d2020 |0itac50 ba 101 $aeng 102 $aCH 105 $a|||| ||||| 181 $ai$b e 182 $ab 200 1 $aRecent Advances in the Study of Oceanic Whitecaps$eTwixt Wind and Waves$feditors Penny Vlahos, Edward C. Monahan 210 $aCham$cSpringer$d2020 215 $aX, 290 p.$cill.$d24 cm 620 $aCH$dCham$3VANL001889 676 $a550$cScienze della terra e geologia - Geofisica$v22 676 $a551.5$cMeteorologia$v22 676 $a526.982$cFotogrammetria$v22 676 $a551.46$cOceanografia e geologia sottomarina$v22 702 1$aMonahan$bEdward C.$3VANV195398 702 1$aVlahos$bPenny$3VANV195397 712 $aSpringer $3VANV108073$4650 790 1$aMonahan, E. C.$zMonahan, Edward C.$3VANV195401 790 1$aMonahan, E.C.$zMonahan, Edward C.$3VANV200949 801 $aIT$bSOL$c20241206$gRICA 856 4 $uhttps://rd.springer.com/book/10.1007/978-3-030-36371-0$zE-book - Accesso al full-text attraverso riconoscimento IP di Ateneo, proxy e/o Shibboleth 899 $aBIBLIOTECA DEL DIPARTIMENTO DI SCIENZE E TECNOLOGIE AMBIENTALI BIOLOGICHE E FARMACEUTICHE$1IT-CE0101$2VAN17 912 $fN 912 $aVAN00238353 950 $aBIBLIOTECA DEL DIPARTIMENTO DI SCIENZE E TECNOLOGIE AMBIENTALI BIOLOGICHE E FARMACEUTICHE$d17CONS e-book 2223 $e17BIB2223/461 461 20220126 996 $aRecent Advances in the Study of Oceanic Whitecaps$91989914 997 $aUNICAMPANIA